Route 66 States Quiz Stats

 Plays Quiz Updated Feb 7, 2018

Score 0/8 Timer 01:00
11 Plays Today
State % Correct
California
94.4%
Texas
92.3%
Arizona
91.8%
New Mexico
90.2%
Oklahoma
85%
Kansas
80.9%
Missouri
79.3%
Illinois
72.9%

You're not logged in!

Compare scores with friends on all Sporcle quizzes.
OR
Log In

Sporcle TV

Today on Sporcle TV


Watch our educational content, quiz creation guides, and fun videos on Sporcle TV.

Show Comments

Extras

Top Quizzes Today


Score Distribution

Your Account Isn't Verified!

In order to create a playlist on Sporcle, you need to verify the email address you used during registration. Go to your Sporcle Settings to finish the process.

Report this User

Report this user for behavior that violates our Community Guidelines.

Details: